Lựa chọn một số bài tập nhằm khắc phục những sai lầm thường mắc trong học kỹ thuật nhảy xa kiểu ưỡn thân cho học sinh nam khối 11 trường PTTH Phan Châu Trinh - Thành phố Đà Nẵng
Nghiên cứu một số sai lầm thường mắc trong học kỹ thuật nhảy xa ưỡn thân của học sinh nam khối 11 trường THPT Phan Châu Trinh - Tp Đà Nẵng. Ứng dụng và đánh giá hiệu quả một số bài tập nhằm khắc phục những sai lầm thường mắc trong học kỹ thuật nhảy xa ưỡn thân cho học sinh nam khối 11 trường THPT Ph...
Guardat en:
| Autor principal: | |
|---|---|
| Altres autors: | |
| Format: | Llibre |
| Idioma: | Vietnamese |
| Publicat: |
Đà Nẵng
Đại học Sư phạm, Đại học Đà Nẵng
2012
|
| Matèries: | |
| Etiquetes: |
Afegir etiqueta
Sense etiquetes, Sigues el primer a etiquetar aquest registre!
|
| Thư viện lưu trữ: | Mạng thư viện Đại học Đà Nẵng |
|---|
| LEADER | 02005nam a2200349 4500 | ||
|---|---|---|---|
| 001 | 000016758 | ||
| 003 | 13163 | ||
| 005 | 20121225141240.0 | ||
| 008 | 121224s2012 viesd | ||
| 041 | 0 | |a vie | |
| 082 | |a 373.1712 |b NG-T | ||
| 100 | 1 | |a Nguyễn Ngọc Trung |e Tác giả | |
| 245 | 0 | |a Lựa chọn một số bài tập nhằm khắc phục những sai lầm thường mắc trong học kỹ thuật nhảy xa kiểu ưỡn thân cho học sinh nam khối 11 trường PTTH Phan Châu Trinh - Thành phố Đà Nẵng |c Nguyễn Ngọc Trung | |
| 260 | |a Đà Nẵng |b Đại học Sư phạm, Đại học Đà Nẵng |c 2012 | ||
| 300 | |a 74 tr. |c 29 cm. |e Đĩa CD | ||
| 500 | |a Khóa luận tốt nghiệp đại học. Chuyên ngành: Sư phạm Thể chất Quốc phòng | ||
| 504 | |a Mục lục đầu trang, tài liệu tham khảo tr. 73 - 74, phụ lục [13 tr.] | ||
| 520 | |a Nghiên cứu một số sai lầm thường mắc trong học kỹ thuật nhảy xa ưỡn thân của học sinh nam khối 11 trường THPT Phan Châu Trinh - Tp Đà Nẵng. Ứng dụng và đánh giá hiệu quả một số bài tập nhằm khắc phục những sai lầm thường mắc trong học kỹ thuật nhảy xa ưỡn thân cho học sinh nam khối 11 trường THPT Phan Châu Trinh - Tp Đà Nẵng | ||
| 650 | |a Khóa luận tốt nghiệp đại học | ||
| 650 | |a Giáo dục chính trị | ||
| 653 | |a Khoa Giáo dục chính trị | ||
| 700 | |a Hoàng Trọng Lợi |c Th.S |e Hướng dẫn | ||
| OWN | |a LSP | ||
| AVA | |a UDN50 |b LSP |d 373.1712 NG-T |e available |t Error 5001 Not defined in file expand_doc_bib_avail. |f 1 |g 0 |h N |i 0 |k 1 | ||
| 999 | |a From the UDN01 | ||
| AVA | |a UDN50 |b LSP |d 373.1712 NG-T |e available |t Error 5001 Not defined in file expand_doc_bib_avail. |f 1 |g 0 |h N |i 0 |k 1 | ||
| TYP | |a Monograph | ||
| TYP | |a Printed language | ||
| 980 | |a Mạng thư viện Đại học Đà Nẵng | ||